Historias del pasado que son presente. (Registro nro. 437190)

Detalles MARC
000 -LÍDER
Campo fijo de descripción fija 00678nam a22002417a 4500
003 - IDENTIFICADOR DEL NÚMERO DE CONTROL
Campo de control BCEG
005 - FECHA Y HORA DE LA ULTIMA TRANSACCIÓN
control field 20260414132617.0
008 - ELEMENTOS DE LONGITUD FIJA -- INFORMACIÓN GENERAL
Campo fijo de descripción fija -- Información general 260414s2019 mx |||||||||||||||||spa d
020 ## - ISBN
Isbn 9786079472702
040 ## - FUENTE DE CATALOGACIÓN
Agencia de catalogación original BCEG
Idioma de catalogación spa
Agencia que realiza la transcripción BCEG
082 04 - NÚMERO DE CLASIFICACIÓN DECIMAL DEWEY
Número de clasificación M868.6
Clave de autor-Numero de item H623p
245 00 - TÍTULO PROPIAMENTE DICHO
Título Historias del pasado que son presente.
260 ## - PUBLICACIÓN, DISTRIBUCIÓN, ETC. (PIE DE IMPRENTA)
Lugar de publicación, distribución, etc. México :
Nombre del editor, distribuidor, etc. Pax,
Fecha de publicación, distribución, etc. 2019.
300 ## - DESCRIPCIÓN FÍSICA
Extensión 242 p.
490 ## - MENCIÓN DE SERIE
Mención de serie Relatos de Mujeres.
541 ## - NOTA DE FUENTE INMEDIATA DE ADQUISICIÓN
Nota de fuente de adquisición Compra.
650 14 - ASIENTO SECUNDARIO DE MATERIA - TERMINO TEMÁTICO
Término temático o nombre geográfico como elemento de entrada Mujeres
Subdivisión de forma Colecciones literarias.
650 14 - ASIENTO SECUNDARIO DE MATERIA - TERMINO TEMÁTICO
Término temático o nombre geográfico como elemento de entrada Mujeres en la literatura.
700 1# - ASIENTO SECUNDARIO - NOMBRE PERSONAL
Nombre personal Maza Pesqueria, Adriana,
Función o responsabilidad del autor ed.
700 1# - ASIENTO SECUNDARIO - NOMBRE PERSONAL
Nombre personal Vázquez-Cangas, Verónica,
Función o responsabilidad del autor ed.
700 1# - ASIENTO SECUNDARIO - NOMBRE PERSONAL
Nombre personal Infante Vargas, Lucrecia,
Función o responsabilidad del autor dir.
942 ## - TIPO DE MATERIAL (KOHA)
Tipo de Item KOHA Libro
Existencias
No para Préstamo Colección Biblioteca de Origen Biblioteca Permanente Fecha de Adquisición Fuente de Adquisicion Total de Préstamos Signatura Topográfica Código de Barras Última vez visto Tipo de Material Ejemplar
Material en Reserva Infantil Biblioteca Central Estatal de Guanajuato, "Wigberto Jiménez Moreno" Biblioteca Central Estatal de Guanajuato, "Wigberto Jiménez Moreno" 14/04/2026 COMPRA-2025   M868.6 H623p BCEG8655231165 14/04/2026 Libro  
  General Biblioteca Central Estatal de Guanajuato, "Wigberto Jiménez Moreno" Biblioteca Central Estatal de Guanajuato, "Wigberto Jiménez Moreno" 14/04/2026 COMPRA-2025   M868.6 H623p BCEG8655231166 14/04/2026 Libro ej. 2